Vista normal
Vista MARC
Entrada Personal Name
Número de registros utilizados en: 1
001 - CONTROL NUMBER
- control field: 6090
003 - CONTROL NUMBER IDENTIFIER
- control field: Mx-PuUPA
005 - DATE AND TIME OF LATEST TRANSACTION
- control field: 20251003091136.0
008 - FIXED-LENGTH DATA ELEMENTS
- fixed length control field: 171030 a|ac|n|aab||||||||||||a |n|||||||
040 ## - CATALOGING SOURCE
- Original cataloging agency: Mx-PuUPA
- Language of cataloging: spa
- Description conventions: rda
- Transcribing agency: Mx-PuUPA
- Modifying agency: Mx-PuUPA
100 1# - HEADING--PERSONAL NAME
- Personal name: Pardo García, Martha,
374 ## - OCCUPATION
- Occupation: Autor
375 ## - GENDER
- Gender: mujer
377 ## - ASSOCIATED LANGUAGE
- Language code: spa
- Source of code: MARC code list for languages
400 1# - SEE FROM TRACING--PERSONAL NAME
- Personal name: García, Martha Pardo
670 ## - SOURCE DATA FOUND
- Source citation: Retos de la segunda mitad de tu vida. Desarrolla tu máximo potencial en la edad adulta, 2016:
- Information found: t.p. (Martha Pardo García) de portada